000 00535nam a2200193 a 4500
001 0063
005 20140414131908.0
008 040202s19uu xx 00 eng d
020 _a2-89429-662-2
050 _aER
_bAl1 1995
100 _aKrenz, Carol
245 _aAladdin and the magic lamp /
_cCarol Krenz.
260 _aMontreal, Canada :
_bTormont,
_c1995.
300 _a61 p. : ill. ; cm.
500 _aIncludes: Ali Baba and the Forty Thieves
650 _aFairy tales.
650 _aChildren stories.
999 _c111041
_d111041